000 00939nas a2200277 4500
001 BR9206484
003 BR-BrBNA
005 20231205092927.0
007 ta
008 230509b bl.|||p| |||| 00| 00por d
040 _aBR-BrBNA
_bpor
_cBiblioteca Nacional de Agricultura
041 _a(Pt)
072 _aL50
100 1 _aFerreira Neto, J.M.
100 1 _aMartins, M.F.
100 1 _aMachado, M.A.
100 1 _aVirgens, N.C. das
100 1 _aMarques Junior, A. de P.
245 1 _aTransaminases glutimicas piruvicas e oxalacetica e fosfatase alcalina no soro sanguineo de caprinos confinados e soltos
650 _aCAPRINO
650 _aTRANSAMINASE GLUTAMICA
650 _aATIVIDADE ENZIMICA
773 0 _tArquivos da Escola de Veterinaria da Universidade Federal de Minas Gerais (Brazil)
_xISSN 0365-8384
_g(Apr 1980), v. 32(1) p. 49-55
_wBR9206484
909 _a202311
_bLúcia
_c55
_dLúcia Elande
942 _2AGRIS
_n0
_cANA
999 _c135169
_d135169